| 000 | 00472nam a2200157Ia 4500 | ||
|---|---|---|---|
| 008 | 220531s9999 xx 000 0 und d | ||
| 041 | _amar | ||
| 100 |
_aकुलकर्णी पी . के. _939481 |
||
| 245 | _aप्रगत समाजशास्त्रीय सिध्दांत | ||
| 260 |
_bMangesh _c1995 |
||
| 300 | _a435 | ||
| 542 | _d15-07-1998 | ||
| 650 |
_aSociology _939482 |
||
| 906 |
_d1998-1999 _f6380 |
||
| 999 |
_c23810 _d23810 |
||